Education and nationalism : an historical interpretation of american education.

Gardado en:
Detalles Bibliográficos
Autor Principal: Wiggin, Gladys A. (autor)
Formato: Libro
Idioma:inglés
Series:(Foundations in education)
Temas:
Etiquetas: Engadir etiqueta
Sen Etiquetas, Sexa o primeiro en etiquetar este rexistro!

MARC

LEADER 00000cam^a2200000uu^4500
001 000478703
005 20250521000000.0
008 050901s1962^^^^^^^^^^^^rd^r^^000^0^eng^d
009 20260310124919.753
035 |a FCE 000021703 
035 |a FCE 034681 
037 |a Acervo ITESO - Biblioteca 
041 |a eng 
082 0 4 |a 370.973  |b WRIe 
100 |a Wiggin, Gladys A.  |e (autor) 
245 1 0 |a Education and nationalism :  |b an historical interpretation of american education. 
264 |a Estados Unidos :  |b McGraw-Hill,  |c 1962. 
300 |a 518 p. 
336 |a texto  |b txt  |2 rdacontenido 
337 |a sin mediación  |b n  |2 rdamedio 
338 |a volumen  |b nc  |2 rdasoporte 
440 0 |a (Foundations in education) 
649 |a XX 
650 |a Sistema educativo 
650 |a Nacionalismo 
650 |a Sistema escolar 
650 |a Capacitación 
650 |a Estados Unidos 
910 |a Fondo Centro de Estudios Educativos 
920 |a Impresos - Libros 
930 |a Fondos Especiales 
905 |a 133 
901 |a ALE034681  |b IT2  |c CEE  |u 20250521 
902 |a https://opac.biblio.iteso.mx/vufind/Record/000478703